000
00264nam a22001217a 4500
008
170223b xxu||||| |||| 978068306271700| 0 eng d
041
_a
eng
080
_2
3 ED
_a
617
100
_a
5
101
_a
SHK
245
_a
SURGERY
_c
JARRELL.B,E
942
_2
udc
_c
BK
999
_c
6144
_d
6144